[Event "Kisújszállás-HASE"]
[Site "Kisújszállás"]
[Date "2018.03.04"]
[Round "7.11"]
[White "Kovacs, Judit"]
[Black "Balogh, David"]
[Result "0-1"]
[WhiteElo "2140"]
[BlackElo "2194"]
[PlyCount "66"]
[EventDate "2017.10.29"]
[EventType "team-tourn"]
[EventRounds "9"]
[EventCountry "HUN"]
[Source "chess.hu"]
[SourceDate "2018.03.05"]
[WhiteTeam "HASE-Lila Futo I."]
[BlackTeam "Kisujszallasi SE"]
[WhiteTeamCountry "HUN"]
[BlackTeamCountry "HUN"]

1. Nf3 d6 2. d4 Bg4 3. c4 Bxf3 4. gxf3 Nd7 5. e4 e5 6. d5 Qh4 7. Be3 g6 8. Nc3
Bh6 9. Bxh6 Nxh6 10. Nb5 Kd8 11. Bd3 Rf8 12. b4 a6 13. Nc3 f5 14. Qd2 a5 15.
bxa5 Nc5 16. Rf1 Rxa5 17. Bc2 b6 18. O-O-O Kd7 19. Kb1 fxe4 20. fxe4 Qf4 21. h4
Ng4 22. Qxf4 Rxf4 23. Ne2 Rf3 24. h5 gxh5 25. Rde1 Nh2 26. Rg1 Rxf2 27. Rg7+
Kc8 28. Ng1 Nf1 29. Nh3 Nd2+ 30. Kc1 Rh2 31. Rxh7 Rxa2 32. Rg1 Ndb3+ 33. Kb1
Raxc2 0-1

[Event "Kisújszállás-HASE"]
[Site "Kisújszállás"]
[Date "2018.03.04"]
[Round "7.12"]
[White "Fekete, Agnes"]
[Black "Murin, Janos"]
[Result "1/2-1/2"]
[WhiteElo "1878"]
[BlackElo "2054"]
[PlyCount "56"]
[EventDate "2017.10.29"]
[EventType "team-tourn"]
[EventRounds "9"]
[EventCountry "HUN"]
[Source "chess.hu"]
[SourceDate "2018.03.05"]
[WhiteTeam "Kisujszallasi SE"]
[BlackTeam "HASE-Lila Futo I."]
[WhiteTeamCountry "HUN"]
[BlackTeamCountry "HUN"]

1. d4 Nf6 2. Bg5 g6 3. Bxf6 exf6 4. e3 Bg7 5. Nf3 O-O 6. Be2 f5 7. O-O d6 8. c4
Nd7 9. Nc3 Nf6 10. Rb1 a5 11. Qc2 Re8 12. a3 b6 13. b4 axb4 14. axb4 Bb7 15. c5
Ne4 16. Nb5 dxc5 17. bxc5 bxc5 18. dxc5 Ba6 19. Nfd4 Qe7 20. c6 Be5 21. Bc4 h5
22. Rfd1 Bxb5 23. Nxb5 Nd6 24. Nxd6 Bxd6 25. Rb7 Qe5 26. g3 Re7 27. Qb2 Qxb2
28. Rxb2 Kg7 1/2-1/2

[Event "Maróczy-M.Kisbocsok"]
[Site "Szeged"]
[Date "2018.03.04"]
[Round "7.1"]
[White "Vanczak, Tamas"]
[Black "Tesik, Csaba"]
[Result "1/2-1/2"]
[WhiteElo "2256"]
[BlackElo "2316"]
[PlyCount "129"]
[EventDate "2017.10.29"]
[EventType "team-tourn"]
[EventRounds "9"]
[EventCountry "HUN"]
[Source "chess.hu"]
[SourceDate "2018.03.05"]
[WhiteTeam "MVSI-Misk. KisBocsok"]
[BlackTeam "Maroczy SE"]
[WhiteTeamCountry "HUN"]
[BlackTeamCountry "HUN"]

1. e4 c5 2. Nf3 e6 3. d4 cxd4 4. Nxd4 a6 5. Nc3 Qc7 6. Bd3 Nf6 7. Qe2 d6 8. Bd2
Be7 9. O-O Nc6 10. Nb3 b5 11. a4 b4 12. Nd1 d5 13. exd5 Nxd5 14. Be4 Nf6 15.
Bf3 Bb7 16. Ne3 O-O 17. c3 Ne5 18. Bxb7 Qxb7 19. Na5 Qe4 20. f3 Qd3 21. Qxd3
Nxd3 22. Nc6 Bc5 23. cxb4 Bxe3+ 24. Bxe3 Nd5 25. Bd2 Nxb2 26. Rfc1 Nd3 27. Rc4
Nb2 28. Rc2 Rfc8 29. Ra2 Nd3 30. b5 axb5 31. axb5 Rxa2 32. Rxa2 h6 33. Ra7 Nb2
34. b6 Rxc6 35. b7 Rb6 36. Ra8+ Kh7 37. b8=Q Rxb8 38. Rxb8 Nc4 39. Bc1 Kg6 40.
Kf2 Ne5 41. Be3 Nd3+ 42. Ke2 N3f4+ 43. Bxf4 Nxf4+ 44. Kf2 Nd5 45. Rb7 Kf6 46.
g3 g5 47. Ke2 Ne7 48. Kd3 Nf5 49. Rd7 Ne7 50. Ke4 Ng6 51. Rd8 Ke7 52. Ra8 Kf6
53. g4 Kg7 54. Ra7 Kf6 55. Ke3 Kg7 56. Kf2 Kf6 57. Kg3 Kg7 58. Ra8 Kh7 59. Kf2
Kg7 60. Ke3 Nh4 61. Ra2 Ng6 62. Ke4 Kf6 63. Ra8 Kg7 64. Rb8 Kf6 65. Ra8 1/2-1/2

[Event "Maróczy-M.Kisbocsok"]
[Site "Szeged"]
[Date "2018.03.04"]
[Round "7.2"]
[White "Marjanovic, Annamaria"]
[Black "Vanczak, Attila"]
[Result "1-0"]
[WhiteElo "2324"]
[BlackElo "2194"]
[PlyCount "65"]
[EventDate "2017.10.29"]
[EventType "team-tourn"]
[EventRounds "9"]
[EventCountry "HUN"]
[Source "chess.hu"]
[SourceDate "2018.03.05"]
[WhiteTeam "Maroczy SE"]
[BlackTeam "MVSI-Misk. KisBocsok"]
[WhiteTeamCountry "HUN"]
[BlackTeamCountry "HUN"]

1. c4 c5 2. g3 g6 3. Bg2 Bg7 4. Nc3 e5 5. a3 Nc6 6. b4 d6 7. Rb1 Nge7 8. d3 O-O
9. e3 e4 10. Nxe4 cxb4 11. axb4 d5 12. b5 dxe4 13. bxc6 Bc3+ 14. Kf1 bxc6 15.
Bxe4 Be6 16. Qc2 Bg7 17. Ba3 Rc8 18. Bc5 Qd7 19. h4 h5 20. Kg2 Rfd8 21. Ne2 f5
22. Bf3 Kh7 23. Rb3 Ng8 24. Nd4 Bf7 25. Ra1 Rc7 26. Ra6 Rdc8 27. Rba3 Nh6 28.
Rxa7 Qe8 29. Rxc7 Rxc7 30. Qb3 Ng4 31. Qb6 Be5 32. Nxc6 Qc8 33. Nxe5 1-0

[Event "Maróczy-M.Kisbocsok"]
[Site "Szeged"]
[Date "2018.03.04"]
[Round "7.3"]
[White "Kassay, Krisztian"]
[Black "Peczely, Sebastian Zsombor"]
[Result "0-1"]
[WhiteElo "2207"]
[BlackElo "2239"]
[PlyCount "70"]
[EventDate "2017.10.29"]
[EventType "team-tourn"]
[EventRounds "9"]
[EventCountry "HUN"]
[Source "chess.hu"]
[SourceDate "2018.03.05"]
[WhiteTeam "MVSI-Misk. KisBocsok"]
[BlackTeam "Maroczy SE"]
[WhiteTeamCountry "HUN"]
[BlackTeamCountry "HUN"]

1. e4 e5 2. Nf3 Nc6 3. Bc4 Bc5 4. c3 d6 5. d3 h6 6. Nbd2 Nge7 7. Bb3 O-O 8. Nf1
Kh8 9. Be3 Bb6 10. Qd2 Bxe3 11. Nxe3 f5 12. O-O-O a5 13. a4 fxe4 14. dxe4 Ng6
15. h4 Nf4 16. Ng5 Qf6 17. g3 Ne6 18. Nd5 Nc5 19. Bc4 Qd8 20. Qe2 Bd7 21. f4
Nxa4 22. f5 Ne7 23. Ne3 Qe8 24. Be6 Nc5 25. Bxd7 Qxd7 26. Qc4 Qe8 27. Ng4 b5
28. Qe2 b4 29. f6 gxf6 30. Nxh6 fxg5 31. hxg5 Kg7 32. Qh2 Qg6 33. Qh4 Qxe4 34.
Nf5+ Qxf5 35. Qh6+ Kg8 0-1

[Event "Maróczy-M.Kisbocsok"]
[Site "Szeged"]
[Date "2018.03.04"]
[Round "7.4"]
[White "Nagy, Daniel"]
[Black "Papp, Levente"]
[Result "1-0"]
[WhiteElo "2293"]
[BlackElo "2227"]
[PlyCount "99"]
[EventDate "2017.10.29"]
[EventType "team-tourn"]
[EventRounds "9"]
[EventCountry "HUN"]
[Source "chess.hu"]
[SourceDate "2018.03.05"]
[WhiteTeam "Maroczy SE"]
[BlackTeam "MVSI-Misk. KisBocsok"]
[WhiteTeamCountry "HUN"]
[BlackTeamCountry "HUN"]

1. d4 d5 2. Nf3 Nf6 3. c4 e6 4. g3 Be7 5. Bg2 O-O 6. O-O c6 7. Qc2 b6 8. b3 Bb7
9. Nbd2 Nbd7 10. e4 dxe4 11. Nxe4 c5 12. Nxf6+ Bxf6 13. Bb2 Bxf3 14. Bxf3 Rc8
15. Rfd1 cxd4 16. Bxd4 Qc7 17. Bxf6 Nxf6 18. Rac1 Rfd8 19. Rxd8+ Rxd8 20. b4
Nd7 21. c5 Ne5 22. Be2 Rc8 23. Qc3 bxc5 24. bxc5 Nc6 25. Bf3 h6 26. h4 Qe5 27.
Bxc6 Qxc3 28. Rxc3 Rxc6 29. Kf1 Kf8 30. Ke2 Ke7 31. Kd3 Ra6 32. a3 Ra4 33. Rb3
Kd7 34. Rb7+ Kc6 35. Rxf7 Rxa3+ 36. Kc4 Ra2 37. Rxg7 Rxf2 38. Rxa7 Rc2+ 39. Kd4
Rd2+ 40. Ke3 Rd1 41. Rh7 Kxc5 42. Rxh6 Kd6 43. Rh7 Ke5 44. Rf7 Ra1 45. h5 Ra3+
46. Kf2 Ra8 47. h6 Kd6 48. h7 e5 49. Rg7 Rh8 50. g4 1-0

[Event "Maróczy-M.Kisbocsok"]
[Site "Szeged"]
[Date "2018.03.04"]
[Round "7.5"]
[White "Suto, Gabor"]
[Black "Szajbely, Zsigmond"]
[Result "0-1"]
[WhiteElo "2169"]
[BlackElo "2307"]
[PlyCount "86"]
[EventDate "2017.10.29"]
[EventType "team-tourn"]
[EventRounds "9"]
[EventCountry "HUN"]
[Source "chess.hu"]
[SourceDate "2018.03.05"]
[WhiteTeam "MVSI-Misk. KisBocsok"]
[BlackTeam "Maroczy SE"]
[WhiteTeamCountry "HUN"]
[BlackTeamCountry "HUN"]

1. d4 Nf6 2. c4 c5 3. d5 b5 4. Bg5 Ne4 5. Bf4 Qa5+ 6. Nd2 g5 7. Be5 Rg8 8. b4
Qxb4 9. Ngf3 Nxd2 10. Nxd2 d6 11. Rb1 Qa4 12. Qxa4 bxa4 13. Bc3 Bg7 14. Bxg7
Rxg7 15. e3 Nd7 16. Be2 Nb6 17. O-O Bd7 18. Rfe1 g4 19. e4 O-O-O 20. Bd3 f6 21.
Nf1 Kc7 22. Ng3 Rb8 23. a3 Rg5 24. f4 gxf3 25. gxf3 Bc8 26. Kf2 Ba6 27. Nf5
Rbg8 28. Ne3 Nd7 29. f4 Rh5 30. Rh1 Rh4 31. Kf3 Rh3+ 32. Kf2 Nf8 33. Be2 Bc8
34. Bf3 Ng6 35. Rbg1 Rf8 36. f5 Ne5 37. Rg3 Nd3+ 38. Kf1 Nf4 39. Rxh3 Nxh3 40.
Ke2 Ba6 41. Rb1 Rg8 42. Kd3 Bc8 43. Bg4 Nf2+ 0-1

[Event "Maróczy-M.Kisbocsok"]
[Site "Szeged"]
[Date "2018.03.04"]
[Round "7.6"]
[White "Zakarias, David"]
[Black "Kovacs, Apollon"]
[Result "0-1"]
[WhiteElo "2312"]
[BlackElo "2144"]
[PlyCount "168"]
[EventDate "2017.10.29"]
[EventType "team-tourn"]
[EventRounds "9"]
[EventCountry "HUN"]
[Source "chess.hu"]
[SourceDate "2018.03.05"]
[WhiteTeam "Maroczy SE"]
[BlackTeam "MVSI-Misk. KisBocsok"]
[WhiteTeamCountry "HUN"]
[BlackTeamCountry "HUN"]

1. d4 Nf6 2. c4 c6 3. Nf3 d5 4. e3 g6 5. Nc3 Bg7 6. Be2 O-O 7. O-O Nbd7 8. Qc2
b6 9. e4 dxe4 10. Nxe4 Bb7 11. Bg5 Qc7 12. Rad1 Rfe8 13. Bh4 Nxe4 14. Qxe4 e5
15. dxe5 Nxe5 16. Qc2 c5 17. Bg3 Bxf3 18. Bxf3 Nxf3+ 19. gxf3 Qc6 20. Rd5 Qf6
21. Kg2 Qxb2 22. Qa4 Re2 23. Qc6 Rae8 24. a4 Qb4 25. Rd7 Qxc4 26. Rxa7 R2e6 27.
Bd6 Qh4 28. Qb7 Qf6 29. Ra8 Qg5+ 30. Bg3 h5 31. h4 Qf6 32. Rxe8+ Rxe8 33. Rb1
Re6 34. Qc8+ Kh7 35. a5 Rc6 36. Qa8 bxa5 37. Qxa5 c4 38. Qa4 c3 39. Be5 Qe6 40.
Bxg7 Kxg7 41. Qd4+ Qf6 42. Qe4 c2 43. Rc1 Qc3 44. Qe2 Rc5 45. f4 Qc4 46. Qd2
Qc3 47. Qe2 Qf6 48. Kg3 Qf5 49. f3 Rc3 50. Kg2 Qxf4 51. Rxc2 Rxc2 52. Qxc2 Qxh4
53. Qc3+ Qf6 54. Qe3 g5 55. Qe4 h4 56. Qg4 Qe5 57. Kf2 Kg6 58. Qc8 Qd4+ 59. Ke2
Qf6 60. Kf2 Qe6 61. Qg8+ Kf5 62. Qa8 f6 63. Qd8 Kg6 64. Qd3+ f5 65. Qd8 h3 66.
Qa8 f4 67. Kf1 Qc4+ 68. Ke1 h2 69. Qe8+ Kf5 70. Qf8+ Ke5 71. Qg7+ Kd6 72. Qf8+
Kd5 73. Qd8+ Kc6 74. Qf6+ Kb7 75. Qe7+ Kb6 76. Qf6+ Ka5 77. Qd8+ Kb4 78. Qb8+
Kc3 79. Qh8+ Kd3 80. Qh7+ Ke3 81. Qa7+ Qd4 82. Qa3+ Qd3 83. Qc5+ Kxf3 84. Qf2+
Kg4 0-1

[Event "Maróczy-M.Kisbocsok"]
[Site "Szeged"]
[Date "2018.03.04"]
[Round "7.7"]
[White "Petyko, Zoltan"]
[Black "Csizmadia, Laszlo"]
[Result "0-1"]
[WhiteElo "2148"]
[BlackElo "2363"]
[PlyCount "78"]
[EventDate "2017.10.29"]
[EventType "team-tourn"]
[EventRounds "9"]
[EventCountry "HUN"]
[Source "chess.hu"]
[SourceDate "2018.03.05"]
[WhiteTeam "MVSI-Misk. KisBocsok"]
[BlackTeam "Maroczy SE"]
[WhiteTeamCountry "HUN"]
[BlackTeamCountry "HUN"]

1. e4 e6 2. Nf3 d5 3. e5 c5 4. b4 cxb4 5. a3 bxa3 6. d4 Nc6 7. c3 a6 8. Nxa3
Bd7 9. Bd3 f5 10. O-O Be7 11. c4 Nb4 12. cxd5 Nxd5 13. Qb3 Qb6 14. Qxb6 Nxb6
15. Rb1 Bd8 16. d5 Ne7 17. dxe6 Bxe6 18. Nd4 Bd5 19. Bxf5 Nxf5 20. Nxf5 O-O 21.
Ne3 Be4 22. Rb4 Bc6 23. Rd1 Nd7 24. Nac4 a5 25. Rb2 b5 26. e6 bxc4 27. exd7 c3
28. Re2 Rf7 29. Nd5 Rxd7 30. Nxc3 Rxd1+ 31. Nxd1 Bf6 32. Ba3 Rb8 33. Bb2 Bb5
34. Rd2 Be7 35. Be5 Rc8 36. f4 Bc5+ 37. Kh1 Bb4 38. Rd5 Rc1 39. Bb2 Rb1 0-1

[Event "Maróczy-M.Kisbocsok"]
[Site "Szeged"]
[Date "2018.03.04"]
[Round "7.8"]
[White "Tokovic, Svetozar"]
[Black "Szurovszky, Elek"]
[Result "1-0"]
[WhiteElo "2246"]
[BlackElo "2064"]
[PlyCount "99"]
[EventDate "2017.10.29"]
[EventType "team-tourn"]
[EventRounds "9"]
[EventCountry "HUN"]
[Source "chess.hu"]
[SourceDate "2018.03.05"]
[WhiteTeam "Maroczy SE"]
[BlackTeam "MVSI-Misk. KisBocsok"]
[WhiteTeamCountry "HUN"]
[BlackTeamCountry "HUN"]

1. Nf3 d5 2. g3 Bf5 3. Bg2 e6 4. O-O Nf6 5. d3 h6 6. Nbd2 c6 7. Qe1 Bh7 8. e4
dxe4 9. dxe4 Bb4 10. Qe2 Nbd7 11. e5 Nd5 12. c4 N5b6 13. Ne4 O-O 14. Rd1 Be7
15. h4 Qc7 16. Bf4 Bxe4 17. Qxe4 Nc5 18. Qc2 a5 19. g4 f5 20. exf6 Qxf4 21.
fxe7 Rfe8 22. Qg6 Rxe7 23. Rd4 Qf6 24. Qc2 e5 25. g5 Qe6 26. Re1 e4 27. Nh2
Rae8 28. Bxe4 Kh8 29. Re3 Qe5 30. Qd2 Qc7 31. Bg2 Rxe3 32. fxe3 Ne6 33. Re4 Nd7
34. gxh6 gxh6 35. Qc3+ Kh7 36. Rg4 Qe5 37. Qd3+ Kh8 38. Nf3 Ndc5 39. Nxe5 Nxd3
40. Nd7 Nxb2 41. Nf6 Rf8 42. Nh5 Rd8 43. Rg7 b5 44. Rb7 Rf8 45. cxb5 cxb5 46.
Be4 Nd1 47. Rh7+ Kg8 48. Re7 Nxe3 49. Bh7+ Kh8 50. Bd3 1-0

[Event "Maróczy-M.Kisbocsok"]
[Site "Szeged"]
[Date "2018.03.04"]
[Round "7.9"]
[White "Pribelszky, Bence"]
[Black "Csirik, Andras"]
[Result "1-0"]
[WhiteElo "2185"]
[BlackElo "2241"]
[PlyCount "99"]
[EventDate "2017.10.29"]
[EventType "team-tourn"]
[EventRounds "9"]
[EventCountry "HUN"]
[Source "chess.hu"]
[SourceDate "2018.03.05"]
[WhiteTeam "MVSI-Misk. KisBocsok"]
[BlackTeam "Maroczy SE"]
[WhiteTeamCountry "HUN"]
[BlackTeamCountry "HUN"]

1. e4 c6 2. d4 d5 3. Nc3 dxe4 4. Nxe4 Bf5 5. Ng3 Bg6 6. h4 h6 7. Nf3 Nd7 8. h5
Bh7 9. Bd3 Bxd3 10. Qxd3 e6 11. Bd2 Ngf6 12. O-O-O Be7 13. Ne4 Nxe4 14. Qxe4
Nf6 15. Qe2 Qd5 16. c4 Qe4 17. Qxe4 Nxe4 18. Be3 O-O 19. Ne5 Rfd8 20. g4 c5 21.
f3 cxd4 22. Rxd4 Rxd4 23. Bxd4 Ng3 24. Re1 Bb4 25. Rd1 Ne2+ 26. Kc2 Bd6 27. Bc3
Bxe5 28. Bxe5 f6 29. Kd3 fxe5 30. Kxe2 Rc8 31. Rd7 Rxc4 32. Rxb7 a6 33. Kd3
Rd4+ 34. Ke3 Rc4 35. b3 Rc2 36. a3 Rc1 37. Rb6 Kf7 38. Kd2 Rb1 39. b4 Rb3 40.
Rxa6 Rxf3 41. b5 Ke7 42. a4 Rf4 43. b6 Kd7 44. a5 Rxg4 45. b7 Kc7 46. Rb6 Rd4+
47. Ke3 Kb8 48. a6 Rd8 49. Ke4 Ka7 50. b8=Q+ 1-0

[Event "Maróczy-M.Kisbocsok"]
[Site "Szeged"]
[Date "2018.03.04"]
[Round "7.10"]
[White "Kopasz, Robert"]
[Black "Csendi, Balazs"]
[Result "1-0"]
[WhiteElo "2307"]
[BlackElo "2007"]
[PlyCount "53"]
[EventDate "2017.10.29"]
[EventType "team-tourn"]
[EventRounds "9"]
[EventCountry "HUN"]
[Source "chess.hu"]
[SourceDate "2018.03.05"]
[WhiteTeam "Maroczy SE"]
[BlackTeam "MVSI-Misk. KisBocsok"]
[WhiteTeamCountry "HUN"]
[BlackTeamCountry "HUN"]

1. c4 Nf6 2. Nc3 c5 3. g3 Nc6 4. Bg2 e6 5. Nf3 d6 6. O-O Be7 7. b3 a6 8. Bb2
Bd7 9. e3 O-O 10. d4 cxd4 11. exd4 d5 12. Qe2 Re8 13. Rfd1 Rc8 14. Ne5 dxc4 15.
bxc4 Qb6 16. Rab1 Qa7 17. Nxd7 Nxd7 18. Ne4 Nf6 19. d5 exd5 20. cxd5 Nxe4 21.
Bxe4 Nb4 22. d6 Bxd6 23. Rxd6 f5 24. Rd7 Rxe4 25. Rxg7+ Kf8 26. Qh5 Re7 27.
Qxf5+ 1-0

[Event "Maróczy-M.Kisbocsok"]
[Site "Szeged"]
[Date "2018.03.04"]
[Round "7.11"]
[White "Zelena, Tamas"]
[Black "Papp Zoltan, Csaba"]
[Result "0-1"]
[WhiteElo "1899"]
[BlackElo "2221"]
[PlyCount "50"]
[EventDate "2017.10.29"]
[EventType "team-tourn"]
[EventRounds "9"]
[EventCountry "HUN"]
[Source "chess.hu"]
[SourceDate "2018.03.05"]
[WhiteTeam "MVSI-Misk. KisBocsok"]
[BlackTeam "Maroczy SE"]
[WhiteTeamCountry "HUN"]
[BlackTeamCountry "HUN"]

1. e4 e5 2. Nc3 Nc6 3. Bc4 Nf6 4. Nf3 Nxe4 5. Nxe4 d5 6. Bb5 dxe4 7. Nxe5 Qd5
8. Bxc6+ bxc6 9. Ng4 f5 10. Ne3 Qe6 11. f4 Ba6 12. g4 Be7 13. h4 fxg4 14. f5
Qe5 15. Qxg4 O-O 16. Rb1 Rad8 17. Rg1 Bc5 18. Qg5 Bxe3 19. dxe3 Rd7 20. f6 Qh2
21. Qg2 Qxh4+ 22. Qg3 Qxg3+ 23. Rxg3 Rxf6 24. Rg1 Rdf7 25. Kd2 Rf1 0-1

[Event "Maróczy-M.Kisbocsok"]
[Site "Szeged"]
[Date "2018.03.04"]
[Round "7.12"]
[White "Marjanovic, Gyorgy"]
[Black "Vanczak, Virag"]
[Result "1-0"]
[WhiteElo "2017"]
[BlackElo "1817"]
[PlyCount "75"]
[EventDate "2017.10.29"]
[EventType "team-tourn"]
[EventRounds "9"]
[EventCountry "HUN"]
[Source "chess.hu"]
[SourceDate "2018.03.05"]
[WhiteTeam "Maroczy SE"]
[BlackTeam "MVSI-Misk. KisBocsok"]
[WhiteTeamCountry "HUN"]
[BlackTeamCountry "HUN"]

1. e4 c5 2. Nf3 d6 3. Bb5+ Nd7 4. O-O g6 5. Re1 Bg7 6. c3 e6 7. d4 cxd4 8. Nxd4
Ne7 9. Bg5 O-O 10. Na3 Nb6 11. Nc4 Nxc4 12. Bxc4 Qc7 13. Bb3 a6 14. Qd2 Re8 15.
Qf4 Rf8 16. Qh4 Nc6 17. Nxc6 bxc6 18. Rad1 d5 19. Bf4 Qd7 20. Bh6 Bb7 21. e5 c5
22. Re3 f5 23. exf6 Rxf6 24. Bg5 Rf7 25. Qg4 Rf5 26. Bc2 Rxg5 27. Qxg5 Rf8 28.
Qg4 Bc8 29. Rf3 Rxf3 30. Qxf3 Qb5 31. Rb1 Qd7 32. h4 Qf7 33. Qxf7+ Kxf7 34. f4
Bb7 35. g3 d4 36. cxd4 cxd4 37. Bd3 a5 38. Rc1 1-0

[Event "TLSE-Debreceni SI"]
[Site "Kecskemét"]
[Date "2018.03.04"]
[Round "7.1"]
[White "Varga, Peter"]
[Black "Ilincic, Zlatko"]
[Result "0-1"]
[WhiteElo "2398"]
[BlackElo "2461"]
[PlyCount "120"]
[EventDate "2017.10.29"]
[EventType "team-tourn"]
[EventRounds "9"]
[EventCountry "HUN"]
[Source "chess.hu"]
[SourceDate "2018.03.05"]
[WhiteTeam "D. Sakkiskola-Kwizda"]
[BlackTeam "Toth Laszlo SE"]
[WhiteTeamCountry "HUN"]
[BlackTeamCountry "HUN"]

1. d4 Nf6 2. c4 e6 3. Nc3 d5 4. cxd5 exd5 5. Bg5 c6 6. Qc2 Be7 7. e3 Nbd7 8.
Bd3 h6 9. Bf4 Nf8 10. Nf3 Ne6 11. Be5 Ng4 12. Bg3 Bd6 13. Bxd6 Qxd6 14. h3 Nf6
15. Rb1 O-O 16. b4 a5 17. a3 axb4 18. axb4 b5 19. O-O Nd7 20. e4 dxe4 21. Bxe4
Ra6 22. d5 cxd5 23. Bxd5 Nf4 24. Rfd1 Qc7 25. Nd4 Rg6 26. Ndxb5 Qb8 27. Be4 f5
28. Bd5+ Kh8 29. Nd4 Nxh3+ 30. Kf1 Nf4 31. Nc6 Qd6 32. Bf3 Qf6 33. Nd5 Nxd5 34.
Bxd5 Nb6 35. Bf3 Be6 36. Kg1 Nc4 37. Qe2 Na3 38. Rbc1 Bb3 39. Rd2 Qg5 40. Qe3
Qxe3 41. fxe3 Nb5 42. Rc5 Nd6 43. Nd4 Bg8 44. Rc6 Rgf6 45. b5 Rb8 46. Rb2 Bf7
47. b6 Be8 48. Rc7 Nb5 49. Nc6 Rxb6 50. Rc8 Re6 51. Bd5 Rxe3 52. Kf2 f4 53. Re2
Rxe2+ 54. Kxe2 Nc3+ 55. Kf3 Nxd5 56. Rxe8+ Kh7 57. Ne5 Rb3+ 58. Kf2 Re3 59. Re6
Nf6 60. Re7 Rxe5 0-1

[Event "TLSE-Debreceni SI"]
[Site "Kecskemét"]
[Date "2018.03.04"]
[Round "7.2"]
[White "Nomin-Erdene, Davaademberel"]
[Black "Mester, Gyula"]
[Result "1-0"]
[WhiteElo "2361"]
[BlackElo "2395"]
[PlyCount "71"]
[EventDate "2017.10.29"]
[EventType "team-tourn"]
[EventRounds "9"]
[EventCountry "HUN"]
[Source "chess.hu"]
[SourceDate "2018.03.05"]
[WhiteTeam "Toth Laszlo SE"]
[BlackTeam "D. Sakkiskola-Kwizda"]
[WhiteTeamCountry "HUN"]
[BlackTeamCountry "HUN"]

1. e4 c5 2. Nf3 Nc6 3. d4 cxd4 4. Nxd4 e5 5. Nb5 d6 6. N1c3 a6 7. Na3 b5 8. Nd5
Nce7 9. c4 Nxd5 10. exd5 bxc4 11. Nxc4 Nf6 12. Be3 Rb8 13. Be2 Be7 14. a4 O-O
15. a5 Nd7 16. O-O f5 17. f3 Bg5 18. Ba7 Rb4 19. Nxd6 Qc7 20. Nxc8 Rxc8 21. Bf2
Rxb2 22. Bxa6 Rcb8 23. Qd3 e4 24. d6 Qc2 25. fxe4 Qxd3 26. Bxd3 Ne5 27. Bb1 Ng4
28. Bd4 Rd2 29. Ba2+ Kh8 30. Rxf5 h6 31. Bb6 Rc8 32. Be6 Rcc2 33. Rf8+ Kh7 34.
Bxg4 Rxg2+ 35. Kf1 Rxh2 36. Rf2 1-0

[Event "TLSE-Debreceni SI"]
[Site "Kecskemét"]
[Date "2018.03.04"]
[Round "7.5"]
[White "Leviczky, Tibor"]
[Black "Varasdy, Imre"]
[Result "1/2-1/2"]
[WhiteElo "2306"]
[BlackElo "2269"]
[PlyCount "64"]
[EventDate "2017.10.29"]
[EventType "team-tourn"]
[EventRounds "9"]
[EventCountry "HUN"]
[Source "chess.hu"]
[SourceDate "2018.03.05"]
[WhiteTeam "D. Sakkiskola-Kwizda"]
[BlackTeam "Toth Laszlo SE"]
[WhiteTeamCountry "HUN"]
[BlackTeamCountry "HUN"]

1. Nf3 g6 2. c4 Bg7 3. Nc3 d6 4. d4 e5 5. g3 Nc6 6. dxe5 Nxe5 7. Nxe5 Bxe5 8.
Bg2 Ne7 9. h4 c6 10. h5 Be6 11. hxg6 hxg6 12. Rxh8+ Bxh8 13. Qa4 Qb6 14. Nd5
Bxd5 15. cxd5 Bxb2 16. dxc6 Bc3+ 17. Kf1 bxc6 18. Be3 Qb5 19. Qxb5 cxb5 20. Rb1
Rc8 21. Bxa7 b4 22. Be3 d5 23. Bf4 Ra8 24. Bd6 Rxa2 25. Bxe7 Kxe7 26. Bxd5 Ra1
27. Rxa1 Bxa1 28. e3 g5 29. f4 gxf4 30. gxf4 f6 31. Bb3 Bb2 32. Ke2 Bc1 1/2-1/2

[Event "TLSE-Debreceni SI"]
[Site "Kecskemét"]
[Date "2018.03.04"]
[Round "7.6"]
[White "Kovacs, Adrian"]
[Black "Istvanovszki, Martin"]
[Result "1/2-1/2"]
[WhiteElo "2226"]
[BlackElo "2332"]
[PlyCount "44"]
[EventDate "2017.10.29"]
[EventType "team-tourn"]
[EventRounds "9"]
[EventCountry "HUN"]
[Source "chess.hu"]
[SourceDate "2018.03.05"]
[WhiteTeam "Toth Laszlo SE"]
[BlackTeam "D. Sakkiskola-Kwizda"]
[WhiteTeamCountry "HUN"]
[BlackTeamCountry "HUN"]

1. c4 g6 2. Nc3 Bg7 3. Nf3 d6 4. g3 Nf6 5. Bg2 O-O 6. O-O Nc6 7. Rb1 a5 8. a3
e5 9. b4 axb4 10. axb4 h6 11. d3 Be6 12. b5 Ne7 13. Bb2 Qd7 14. Re1 Bh3 15. Bh1
Ng4 16. Ra1 f5 17. Rxa8 Rxa8 18. Nd2 c6 19. Qb3 Kh7 20. Ra1 Rxa1+ 21. Bxa1 Qc7
22. Nd1 Nf6 1/2-1/2

[Event "TLSE-Debreceni SI"]
[Site "Kecskemét"]
[Date "2018.03.04"]
[Round "7.7"]
[White "Laszlo, Janos"]
[Black "Sarosi, Zoltan"]
[Result "0-1"]
[WhiteElo "2229"]
[BlackElo "2229"]
[PlyCount "58"]
[EventDate "2017.10.29"]
[EventType "team-tourn"]
[EventRounds "9"]
[EventCountry "HUN"]
[Source "chess.hu"]
[SourceDate "2018.03.05"]
[WhiteTeam "D. Sakkiskola-Kwizda"]
[BlackTeam "Toth Laszlo SE"]
[WhiteTeamCountry "HUN"]
[BlackTeamCountry "HUN"]

1. e4 c5 2. d4 cxd4 3. c3 dxc3 4. Nxc3 Nc6 5. Nf3 d6 6. Bc4 e6 7. O-O Be7 8.
Qe2 a6 9. Rd1 b5 10. Bb3 Ra7 11. Be3 Rd7 12. Rac1 Bb7 13. Na4 bxa4 14. Bxa4 Nb8
15. Ba7 Nf6 16. e5 Nd5 17. Rxd5 Bxd5 18. Bxb8 Qxb8 19. Qxa6 O-O 20. Bxd7 Qxb2
21. Re1 dxe5 22. Nxe5 Ra8 23. Qe2 Qb7 24. a4 Bf6 25. Bb5 Bxe5 26. Qxe5 Bxg2 27.
Rc1 Bh1 28. Qg3 Bd5 29. Rc7 Qxb5 0-1

[Event "TLSE-Debreceni SI"]
[Site "Kecskemét"]
[Date "2018.03.04"]
[Round "7.9"]
[White "Bai, Attila"]
[Black "Csala, Imre"]
[Result "1/2-1/2"]
[WhiteElo "2203"]
[BlackElo "2091"]
[PlyCount "119"]
[EventDate "2017.10.29"]
[EventType "team-tourn"]
[EventRounds "9"]
[EventCountry "HUN"]
[Source "chess.hu"]
[SourceDate "2018.03.05"]
[WhiteTeam "D. Sakkiskola-Kwizda"]
[BlackTeam "Toth Laszlo SE"]
[WhiteTeamCountry "HUN"]
[BlackTeamCountry "HUN"]

1. d4 Nf6 2. Nc3 g6 3. Bf4 Bg7 4. Qd2 h6 5. e4 d6 6. O-O-O Nc6 7. h3 Nd7 8. Nf3
e5 9. dxe5 Ndxe5 10. Nxe5 dxe5 11. Qxd8+ Nxd8 12. Be3 c6 13. g3 Ne6 14. Rd3 Ke7
15. Bg2 Rd8 16. Rhd1 Rxd3 17. Rxd3 b5 18. f4 Ba6 19. b4 Bb7 20. a3 a5 21. Ne2
axb4 22. axb4 Ra1+ 23. Kd2 Bc8 24. c3 Ra2+ 25. Ke1 Bd7 26. f5 gxf5 27. exf5 Ng5
28. Bc5+ Kd8 29. h4 Nh7 30. Bd6 Ra6 31. g4 Bf8 32. Rd2 Be7 33. Bxe7+ Kxe7 34.
Ng3 Ra3 35. Ne4 f6 36. Nc5 Be8 37. Ne4 Bf7 38. Nd6 Rxc3 39. Nxf7 Kxf7 40. Rd7+
Kg8 41. Rc7 e4 42. Kd2 Rc4 43. Ke3 h5 44. gxh5 Rxb4 45. Bxe4 Rc4 46. h6 Rc5 47.
Kf4 Rc4 48. Ke3 Rc5 49. Kd4 Rc4+ 50. Kd3 Rc5 51. Rxc6 Rxc6 52. Bxc6 Nf8 53.
Bxb5 Kh7 54. Be8 Kxh6 55. Ke4 Kg7 56. Kd5 Nh7 57. Ke6 Kg8 58. Bg6 Nf8+ 59. Ke7
Nxg6+ 60. Kxf6 1/2-1/2